|
|
|
|
| LEADER |
00000nam0a2200000 4500 |
| 001 |
107722 |
| 005 |
20231101214743.0 |
| 035 |
|
|
|a (RuTPU)RU\TPU\book\116288
|
| 090 |
|
|
|a 107722
|
| 100 |
|
|
|a 20061227d1975 m y0rusy50 ca
|
| 101 |
0 |
|
|a rus
|
| 102 |
|
|
|a RU
|
| 105 |
|
|
|a a z 000zb
|
| 200 |
1 |
|
|a Альбом репродукций
|f В. М. Васнецов
|g Государственная Третьяковская галерея ; авт. предисл. Л. И. Иовлева
|
| 210 |
|
|
|a Москва
|c Изобразительное искусство
|d 1975
|
| 215 |
|
|
|a 22 с.
|c ил.
|
| 225 |
1 |
|
|a Образ и цвет
|
| 600 |
|
1 |
|a Васнецов
|b В. М.
|c русский живописец
|f 1848-1926
|g Виктор Михайлович
|2 stltpush
|3 (RuTPU)RU\TPU\pers\10470
|9 2227
|
| 606 |
1 |
|
|a Живопись
|2 stltpush
|3 (RuTPU)RU\TPU\subj\73461
|9 86457
|
| 610 |
1 |
|
|a русская живопись
|
| 610 |
1 |
|
|a 19 век
|
| 610 |
1 |
|
|a 20 век
|
| 610 |
1 |
|
|a альбомы
|
| 610 |
1 |
|
|a историческая живопись
|
| 610 |
1 |
|
|a фольклорная живопись
|
| 675 |
|
|
|a 75
|v 3
|
| 700 |
|
1 |
|a Васнецов
|b В. М.
|g Виктор Михайлович
|
| 702 |
|
1 |
|a Иовлева
|b Л. И.
|g Лидия Ивановна
|4 080
|
| 712 |
0 |
2 |
|a Государственная Третьяковская галерея
|2 stltpush
|3 (RuTPU)RU\TPU\col\11295
|9 25022
|
| 801 |
|
1 |
|a RU
|b 63413507
|c 20061227
|g PSBO
|
| 801 |
|
2 |
|a RU
|b 63413507
|c 20200529
|g PSBO
|
| 942 |
|
|
|c BK
|